000 00321nam a2200133Ia 4500
005 20260328101520.0
008 260328s9999||||xx |||||||||||||| ||und||
100 _aFrancastel, Pierre
245 0 _aPeinture et societé /
_cPierre Francastel
260 _bGallimard
300 _a246 p.
650 _aHISTORIA
942 _cBK
999 _c9539
_d9539